000 00650nam a22002537a 4500
001 BR1300002
003 BR-BrBNA
005 20230928082822.0
007 ta
008 230509b bl.||||| |||| 00| 0 por d
040 _aBR-BrBNA
_bpor
_cBiblioteca Nacional de Agricultura
041 _a(Por)
072 _aF00
_b2480
_b/G514
090 _ 2480 BR1300002 OBR
100 1 _aMoreira, A.
245 1 _aA borracha na Amazonia [Brasil]
260 3 _aRio de Janeiro, GB (Brasil):
_c1913.
300 _a39 p.
500 _aOBRA RARA
650 _aBORRACHA BRASILEIRA
650 _aAMAZONIA
909 _a202309
_bLucia
_c55
_dLucia Elande
942 _cBK
999 _c10111
_d10111